000 00762nam a22002057a 4500
999 _c10163
_d10163
003 AR-CdUCM
008 190305b ||||| |||| 00| 0 spa d
040 _aMUNICIPALIDAD PROVINCIAL DEL CUSCO
_cBIBLIOTECA MUNICIPAL DEL CUSCO
082 _a344.946 /
_bJ53 / 1933
100 _aJiménez de Asúa, Luis
_99133
245 _aDefensas penales /
260 _aMadrid :
_bReus,
_c1933.
300 _a287 páginas ;
_c21 cm.
505 _aContenido: t.1. Extradición -- Ausencia de antijuricidad y culpabilidad -- Circunstancias modificativas de responsabilidad -- Pena -- Encubrimiento -- Delito político ...
650 _aDerecho Penal
_95831
650 _aDelitos Políticos
_99134
650 _aLegislación
_92962
942 _2ddc
_cLIBROS
945 _aacv